00593nam a2200121 4500008001000000082001500010245002100025260006300046300003300109505015900142650012200301710004800423707 M986c a707bM986c aThe Core Program aHoustonbGlassell School of Art, Museum of Fine Artsc2017 a75 p.bill (col)c28 x 19 cm tTsuyoshi AnzaitAdam CrossontTaraneh FazelitShana HoehntRuslana LichtziertYue NakayamatSondra PerrytFelipe SteinbergtKenneth TamtLaura A.L. Wellen xarte contemporáneoxarte investigaciónxarte pasantíasxcrítica y apreciaciónxMuseum of Fine ArtsxHouston aGlassell School of Art, Museum of Fine Arts